[Event "FRA-chT4 1314"]
[Site "Champagne Ardenne"]
[Date "2014.02.02"]
[Round "5"]
[White "Roule, Alexandre"]
[Black "Bryl, Laura"]
[Result "1-0"]
[WhiteElo "1640"]
[BlackElo "1199"]
[PlyCount "71"]
[EventDate "2013.10.25"]
[EventType "team-tourn"]
[EventRounds "7"]
[EventCountry "FRA"]
[SourceTitle "EXT 2024"]
[Source "ChessBase"]
[SourceDate "2023.10.10"]
[SourceVersion "1"]
[SourceVersionDate "2023.10.10"]
[SourceQuality "1"]

1. c4 e5 2. Nc3 Nc6 3. Nf3 Bc5 4. g3 d6 5. Bg2 Nf6 6. 0-0 0-0 7. e3 Bg4 8. Qc2 Nb4 9. Qb3 Qd7 10. a3 Nd3 11. Qc2 Qf5 12. Nh4 Nb4 13. Qxf5 Bxf5 14. Nxf5 Nc2 15. Ra2 c6 16. b3 d5 17. Rxc2 Rad8 18. b4 Bb6 19. cxd5 cxd5 20. Ne7+ Kh8 21. Nexd5 Nxd5 22. Nxd5 Rc8 23. Rxc8 Rxc8 24. Nxb6 axb6 25. Bxb7 Rc7 26. Be4 g6 27. Bb2 f5 28. Bxe5+ Kg8 29. Bxc7 fxe4 30. Bxb6 h6 31. a4 Kf7 32. a5 h5 33. a6 Ke6 34. a7 Kf5 35. a8Q g5 36. Qd5+ 1-0

[Event "FRA-chT3"]
[Site "France"]
[Date "2011.10.16"]
[Round "1"]
[White "Gaubert, Virginie"]
[Black "Roule, Alexandre"]
[Result "1-0"]
[WhiteElo "1728"]
[BlackElo "1440"]
[PlyCount "31"]
[EventDate "2012.01.20"]
[EventType "team-match"]
[EventRounds "9"]
[EventCountry "FRA"]
[SourceTitle "EXT 2014"]
[Source "ChessBase"]
[SourceDate "2013.11.20"]
[SourceVersion "1"]
[SourceVersionDate "2013.11.20"]
[SourceQuality "1"]

1. c4 e5 2. Nc3 Nf6 3. g3 d5 4. cxd5 Nxd5 5. Bg2 c6 6. Nf3 Bd6 7. 0-0 0-0 8. d3 Bg4 9. Nxd5 cxd5 10. Qb3 e4 11. dxe4 dxe4 12. Qxb7 exf3 13. exf3 Bc8 14. Qxa8 Ba6 15. Rd1 Re8 16. Bf4 1-0